Trouve les pays d'Europe avec des lettres mélangés - Statistiques

Statistiques générales
  • Ce quiz a été pris 590 fois
    568 depuis la dernière actualisation
  • Le résultat moyen est 36 sur 46
Statistiques - réponses
Pays mélangé Pays % Correct
ègerc Grèce
92%
gelibeuq Belgique
91%
susise Suisse
91%
pychre Chypre
90%
sovkoo Kosovo
89%
telma Malte
89%
bersie Serbie
89%
èrovegn Norvège
88%
tilaei Italie
87%
dèsue Suède
87%
bemuxrgoul Luxembourg
86%
acntiva Vatican
86%
lotugpar Portugal
85%
téblèqueripuquche République tchèque
85%
riauchte Autriche
84%
rkniuae Ukraine
84%
canomo Monaco
82%
émonérgotn Monténégro
82%
lavoquesi Slovaquie
82%
mounarie Roumanie
81%
toarcie Croatie
80%
gopnole Pologne
80%
gronhei Hongrie
79%
sisure Russie
79%
vésloine Slovénie
79%
ninlafed Finlande
78%
isoneb Bosnie
77%
necfar France
77%
randroe Andorre
76%
onrodmaécuiednd Macédoine du Nord
76%
paesnge Espagne
75%
niralde Irlande
75%
grublaie Bulgarie
74%
mellangea Allemagne
72%
rosibeislue Bielorussie
72%
nialeba Albanie
71%
nechteilniste Liechtenstein
71%
natuliie Lituanie
69%
sapysab Pays Bas
69%
niesteo Estonie
67%
krenamda Danemark
66%
tonelite Lettonie
65%
vidolema Moldavie
64%
andilse Islande
60%
uyiramuone Royaume-Uni
52%
minstanira Saint Marin
48%
Aucun quiz correspondant
Distribution des résultats
% des personnes avec chaque résultat
Percentile par nombre de réponses
Votre historique - résultats
Vous n’avez pas pris ce quiz depuis la dernière actualisation